[Event "Rumble in Riga"]
[Site "SchemingMind.com"]
[Date "2024.03.31"]
[Round "-"]
[White "Clive Everill"]
[Black "Eggchaser"]
[Result "1/2-1/2"]
[WhiteCountry "CZE"]
[BlackCountry "JPN"]
[WhiteElo "1681"]
[WhiteRD "55"]
[BlackElo "1520"]
[BlackRD "68"]
[GameID "743355"]

1. e4 e5 2. Nf3 f5 3. Nxe5 Qf6 4. d4 d6 5. Nc4 fxe4 6. Be2 Qf7 7. Nc3 Bf5 8. O-O Nf6 9. Bg5 Be7 10. f3 O-O
11. fxe4 Nxe4 12. Bxe7 Nxc3 13. bxc3 Qxe7 14. Bf3 c6 15. Re1 Qc7 16. Ne3 d5 17. Nxf5 Rxf5 18. Bg4 Rf8 19. Rb1 b6 20. Qe2 Qd8
21. Be6+ Kh8 22. Qh5 Nd7 23. Rf1 Nf6 24. Qh3 Ne4 25. Rxf8+ Qxf8 26. Rf1 Nf6 27. g4 g5 28. Qe3 Qg7 29. Bf5 Re8 30. Qd2 Ne4
31. Qd3 h6 32. Re1 Qf7 33. a4 Kg7 34. Re3 Qe7 35. Kg2 Kf6 36. h3 Kg7 37. Kg1= Kf6 38. Kg2 Kg7 39. Kg1=
1/2-1/2

[Event "Rumble in Riga"]
[Site "SchemingMind.com"]
[Date "2024.03.31"]
[Round "-"]
[White "Eggchaser"]
[Black "Clive Everill"]
[Result "1-0"]
[WhiteCountry "JPN"]
[BlackCountry "CZE"]
[WhiteElo "1520"]
[WhiteRD "68"]
[BlackElo "1681"]
[BlackRD "55"]
[GameID "743356"]

1. e4 e5 2. Nf3 f5 3. Nxe5 Qf6 4. d4 d6 5. Nc4 fxe4 6. Nc3 Qg6 7. f3 Be7 8. Nd5 Bd8 9. Be3 Ne7 10. Nf4 Qf7
11. fxe4 O-O 12. Be2 b6 13. O-O Qe8 14. Nd2 Bb7 15. Bc4+ d5 16. exd5 Kh8 17. Qh5 g6 18. Qe5+ Kg8 19. d6+ Nd5 20. Bxd5+ Bxd5
21. Qxd5+ Qf7 22. Qxa8 Bf6 23. c3 cxd6 24. Qd5 Qxd5 25. Nxd5 Bg7 26. Ne7+
1-0

[Event "Rumble in Riga"]
[Site "SchemingMind.com"]
[Date "2024.03.31"]
[Round "-"]
[White "Clive Everill"]
[Black "Arnold Jones"]
[Result "1-0"]
[WhiteCountry "CZE"]
[BlackCountry "ENG"]
[WhiteElo "1681"]
[WhiteRD "55"]
[BlackElo "1458"]
[BlackRD "65"]
[GameID "743365"]

1. e4 e5 2. Nf3 f5 3. Nxe5 Nf6 4. exf5 d6 5. Nf3 Bxf5 6. d3 Qe7+ 7. Be2 Nc6 8. O-O h6 9. Nc3 O-O-O 10. Be3 Ng4
11. Bf4 g5 12. Bd2 Be6 13. Re1 d5 14. d4 Bg7 15. Bc1 Qf7 16. h3 Nxf2 17. Kxf2 Bxd4+ 18. Kf1 g4 19. hxg4 Bxg4 20. Bb5 Bxf3
21. Qxf3 Qxf3+ 22. gxf3 Bxc3 23. bxc3 Na5 24. Be3 a6 25. Bd3 Rdf8 26. Kf2 h5 27. Rg1 b5 28. Bc5 Re8 29. Bf5+ Kb7 30. Rg7 Kc6
31. Bd4 Kb7 32. Rd7 Rhg8 33. Rxd5 Nc4 34. Be4 Kb8 35. Rxh5 Nd6 36. Bc6 Ref8 37. Bc5 Rg7 38. Re1 Rf4 39. Rh8+ Nc8 40. Ree8 Rxf3+
41. Kxf3 Rf7+ 42. Ke4 Re7+ 43. Rxe7
1-0

[Event "Rumble in Riga"]
[Site "SchemingMind.com"]
[Date "2024.03.31"]
[Round "-"]
[White "Arnold Jones"]
[Black "Clive Everill"]
[Result "0-1"]
[WhiteCountry "ENG"]
[BlackCountry "CZE"]
[WhiteElo "1458"]
[WhiteRD "65"]
[BlackElo "1681"]
[BlackRD "55"]
[GameID "743366"]

1. e4 e5 2. Nf3 f5 3. exf5 e4 4. Ne5 Nf6 5. g4 d6 6. Nc4 d5 7. Ne3 Bc5 8. d4 Bb6 9. g5 Ng8 10. h4 Ne7
11. Qh5+ g6 12. fxg6 Nxg6 13. c3 c5 14. Bb5+ Bd7 15. Nxd5 Bxb5 16. Nf6+ Ke7 17. Be3 cxd4 18. Bxd4 Bxd4 19. Nxe4 Be5 20. Nbd2 Nf4
21. Qd1 Ng2#
0-1

[Event "Rumble in Riga"]
[Site "SchemingMind.com"]
[Date "2024.03.27"]
[Round "-"]
[White "Arnold Jones"]
[Black "Eggchaser"]
[Result "1-0"]
[WhiteCountry "ENG"]
[BlackCountry "JPN"]
[WhiteElo "1535"]
[WhiteRD "68"]
[BlackElo "1513"]
[BlackRD "87"]
[GameID "743367"]

1. e4 e5 2. Nf3 f5 3. exf5 e4 4. Nd4 Qf6 5. c3 d5 6. g4 a6 7. Qe2 Ne7 8. d3 c5 9. Nb3 Nec6 10. dxe4 dxe4
11. Qxe4+ Qe5 12. Bg2 Qxe4+ 13. Bxe4 Bd6 14. f4 O-O 15. Bd5+ Kh8 16. c4 Re8+ 17. Kf2 Nd4 18. Nxd4 cxd4 19. Rd1 Bc5 20. Kf3 Nc6
21. Bxc6 bxc6 22. Rd3 Rf8 23. Ke2 g6 24. Rf3 gxf5 25. g5 Be6 26. Kd3 a5 27. a4 Rab8 28. Nd2 Rb4 29. b3 Rb7 30. Bb2 Rd7
31. Rg1
1-0

[Event "Rumble in Riga"]
[Site "SchemingMind.com"]
[Date "2024.03.27"]
[Round "-"]
[White "Eggchaser"]
[Black "Arnold Jones"]
[Result "0-1"]
[WhiteCountry "JPN"]
[BlackCountry "ENG"]
[WhiteElo "1513"]
[WhiteRD "87"]
[BlackElo "1535"]
[BlackRD "68"]
[GameID "743368"]

1. e4 e5 2. Nf3 f5 3. Nxe5 Qe7 4. Qh5+ g6 5. Nxg6 Qxe4+ 6. Be2 Nf6 7. Qh4 Qxh4 8. Nxh4 d6 9. d3 Nc6 10. c3 Be6
11. Be3 O-O-O 12. Nd2 d5 13. Nhf3 h6 14. Nb3 Nd7 15. O-O-O Bd6 16. Nbd4 Nxd4 17. Nxd4 Bc5 18. Nxe6 Bxe3+ 19. fxe3 Rde8 20. Nf4 Rxe3
21. Kd2 Rhe8 22. Nxd5 Rxe2+
0-1

[Event "Rumble in Riga"]
[Site "SchemingMind.com"]
[Date "2024.04.02"]
[Round "-"]
[White "Clive Everill"]
[Black "Chessibelle"]
[Result "1-0"]
[WhiteCountry "CZE"]
[BlackCountry "ENG"]
[WhiteElo "1681"]
[WhiteRD "55"]
[BlackElo "1029"]
[BlackRD "61"]
[GameID "743542"]

1. e4 e5 2. Nf3 f5 3. Nxe5 Qf6 4. Nc4 d6 5. exf5 Bxf5 6. Ne3 Be6 7. d4 d5 8. Nc3 a6 9. Nexd5 Qd8 10. Nf4 Bf7
11. Be2 Nd7 12. O-O Bd6 13. Nd3 Qf6 14. Be3 Qh4 15. g3 Qf6 16. Ne4 Qe6 17. Nxd6+ Qxd6 18. Bf4 Qxd4 19. Bxc7 h6 20. Re1 Bd5
21. Bh5+ Kf8 22. Bd6+ Ne7 23. Bxe7+ Kg8 24. c3 Qc4 25. Nf4 b5 26. Qxd5+ Qxd5 27. Nxd5 Kh7 28. Nf4 g6 29. Bxg6+ Kg7 30. Re6 Rhc8
31. Rd1 Nc5 32. Bf6+ Kg8 33. Re7 Rf8 34. Bh7#
1-0

[Event "Rumble in Riga"]
[Site "SchemingMind.com"]
[Date "2024.04.02"]
[Round "-"]
[White "Chessibelle"]
[Black "Clive Everill"]
[Result "0-1"]
[WhiteCountry "ENG"]
[BlackCountry "CZE"]
[WhiteElo "1029"]
[WhiteRD "61"]
[BlackElo "1681"]
[BlackRD "55"]
[GameID "743543"]

1. e4 e5 2. Nf3 f5 3. Nc3 fxe4 4. Nxe4 d5 5. Nc3 e4 6. Nd4 Nf6 7. g3 Bc5 8. Bg2 Bxd4 9. Nb5 Bb6 10. a4 a6
11. Nc3 Qe7 12. O-O Bg4 13. Qe1 O-O 14. Na2 c5 15. Nc3 Nc6 16. b3 Nd4 17. Ra2 Rac8 18. d3 Rfe8 19. Qe3 Ba5 20. Nd1 Nf5
21. Qf4 Bc7 22. Qd2 d4 23. c3 Bxd1 24. Rxd1 e3 25. Qe2 exf2+ 26. Qxf2 Nd6 27. cxd4 Bb6 28. Kf1 cxd4 29. Qd2 Ng4 30. Kg1 Ne3
31. Bb2 Nxd1 32. Qxd1 Qe1+
0-1

[Event "Rumble in Riga"]
[Site "SchemingMind.com"]
[Date "2024.04.02"]
[Round "-"]
[White "Chessibelle"]
[Black "Arnold Jones"]
[Result "0-1"]
[WhiteCountry "ENG"]
[BlackCountry "ENG"]
[WhiteElo "1029"]
[WhiteRD "61"]
[BlackElo "1458"]
[BlackRD "65"]
[GameID "743544"]

1. e4 e5 2. Nf3 f5 3. Nc3 d6 4. d3 Be6 5. b3 Be7 6. g3 Nc6 7. Be2 h6 8. O-O g5 9. d4 exd4 10. Nxd4 Nxd4
11. Qxd4 Bf6 12. Qd2 Bxc3 13. Qxc3 Rh7 14. f4 Nf6 15. fxg5 Nxe4 16. Qe3 hxg5 17. c4 Qf6 18. Rb1 Qh6 19. h4 Nxg3 20. Qxg3 gxh4
21. Qh2 Qg7+ 22. Kf2 O-O-O 23. Bb2 Qe7 24. Rh1 f4 25. Kf3 Rf8 26. Ba3 Bg4+ 27. Kf2 Bxe2 28. Qh3+ Kb8 29. Bb2 f3 30. Qg4 Re8
31. Bd4 c5 32. Rbe1 cxd4 33. Qxd4 Qe5 34. Qd2 Qg3#
0-1

[Event "Rumble in Riga"]
[Site "SchemingMind.com"]
[Date "2024.04.02"]
[Round "-"]
[White "Arnold Jones"]
[Black "Chessibelle"]
[Result "1-0"]
[WhiteCountry "ENG"]
[BlackCountry "ENG"]
[WhiteElo "1458"]
[WhiteRD "65"]
[BlackElo "1029"]
[BlackRD "61"]
[GameID "743545"]

1. e4 e5 2. Nf3 f5 3. exf5 Nf6 4. Bc4 d5 5. Bb3 Qd7 6. Qe2 e4 7. Nd4 Bd6 8. Ne6 b6 9. c4 Ba6 10. d3 h5
11. O-O Nh7 12. Qxh5+
1-0

[Event "Rumble in Riga"]
[Site "SchemingMind.com"]
[Date "2024.04.02"]
[Round "-"]
[White "Chessibelle"]
[Black "Eggchaser"]
[Result "0-1"]
[WhiteCountry "ENG"]
[BlackCountry "JPN"]
[WhiteElo "1029"]
[WhiteRD "61"]
[BlackElo "1520"]
[BlackRD "68"]
[GameID "743546"]

1. e4 e5 2. Nf3 f5 3. Nc3 d6 4. g3 Nf6 5. b3 fxe4 6. Ng5 Bf5 7. Nh3 h6 8. Bg2 Qd7 9. d3 Bxh3 10. Bf1 Bxf1
11. Rxf1 exd3 12. Qxd3 Nc6 13. Qg6+ Qf7 14. Qd3 O-O-O 15. Be3 d5 16. f4 e4 17. Qb5 d4 18. Bd2 e3 19. Bc1 Bb4 20. Ke2 Bxc3
21. Rb1 Rd5 22. Qd3 Qh5+ 23. Rf3 Qxh2+ 24. Kd1 Ng4 25. a4 Nf2+ 26. Rxf2 Qxf2 27. Qf5+ Rxf5
0-1

[Event "Rumble in Riga"]
[Site "SchemingMind.com"]
[Date "2024.04.15"]
[Round "-"]
[White "Clive Everill"]
[Black "ray winteringham"]
[Result "0-1"]
[WhiteCountry "CZE"]
[BlackCountry "ENG"]
[WhiteElo "1681"]
[WhiteRD "55"]
[BlackElo "1458"]
[BlackRD "47"]
[GameID "743758"]

1. e4 e5 2. Nf3 f5 3. exf5 e4 4. Qe2 Qe7 5. Nd4 d5 6. Nc3 c6 7. b3 Nf6 8. a4 Qc5 9. Ne6 Qe7 10. Ba3 Qf7
11. Nxf8 Rxf8 12. Bxf8 Kxf8 13. g4 Na6 14. Bh3 Nb4 15. O-O-O Bd7 16. Rde1 c5 17. f4 d4 18. Nb5 d3 19. Qe3 b6 20. Nc3 Nxc2
21. Qg3 Nxe1 22. Rxe1 Qxb3 23. g5 Qc2#
0-1

[Event "Rumble in Riga"]
[Site "SchemingMind.com"]
[Date "2024.04.15"]
[Round "-"]
[White "ray winteringham"]
[Black "Clive Everill"]
[Result "0-1"]
[WhiteCountry "ENG"]
[BlackCountry "CZE"]
[WhiteElo "1458"]
[WhiteRD "47"]
[BlackElo "1681"]
[BlackRD "55"]
[GameID "743759"]

1. e4 e5 2. Nf3 f5 3. Nxe5 Qf6 4. d4 d6 5. Nf3 fxe4 6. Bg5 Qg6 7. Qe2 Bf5 8. Qe3 Be7 9. Nc3 Nd7 10. Bxe7 Nxe7
11. Nb5 Nd5 12. Qe2 a6 13. Na3 O-O-O 14. Nh4 Qf6 15. Nxf5 Qxf5 16. Qd1 Rdf8 17. Qe2 Nf4 18. Qe3 g5 19. O-O-O Nb6 20. g3 Nfd5
21. Qe2 Nb4 22. Kb1 N6d5 23. h4 g4 24. Ka1 Qe6 25. c4 Nb6 26. d5 Qf5 27. Rh2 Na4 28. Nc2 Nd3 29. Rb1 Qe5 30. Qxg4+ Kb8
31. Bxd3 exd3 32. Ne3 Rhg8 33. Qd1 Nc5 34. a3 d2 35. Ka2 Rf7 36. Qxd2 Rgf8 37. Ng4 Qh5 38. Ne3 Ne4 39. Qc2 Nxf2 40. Rg1 Ng4
41. Nxg4 Qxg4 42. Rgg2 Rf1 43. Qxh7 Qxc4+ 44. b3 Qc1 45. b4 Qa1+ 46. Kb3 Rb1+ 47. Rb2 Rf3+ 48. Kc2 Qxb2#
0-1

[Event "Rumble in Riga"]
[Site "SchemingMind.com"]
[Date "2024.04.12"]
[Round "-"]
[White "ray winteringham"]
[Black "Chessibelle"]
[Result "1-0"]
[WhiteCountry "ENG"]
[BlackCountry "ENG"]
[WhiteElo "1458"]
[WhiteRD "47"]
[BlackElo "1029"]
[BlackRD "61"]
[GameID "743760"]

1. e4 e5 2. Nf3 f5 3. Nxe5 g6 4. exf5 d5 5. fxg6 hxg6 6. Nxg6 Rh6 7. Nxf8 Kxf8 8. d4 Re6+ 9. Be3 b6 10. Be2 Nd7
11. O-O c6 12. c4 Bb7 13. Nd2 Ndf6 14. Nf3 Re7 15. Ne5 Rh7 16. Qd3 Qe7 17. Rae1 Qe6 18. Bf3 Ke7 19. Bf4 a6 20. Ng6+ Kf7
21. Rxe6
1-0

[Event "Rumble in Riga"]
[Site "SchemingMind.com"]
[Date "2024.04.13"]
[Round "-"]
[White "Chessibelle"]
[Black "ray winteringham"]
[Result "0-1"]
[WhiteCountry "ENG"]
[BlackCountry "ENG"]
[WhiteElo "1029"]
[WhiteRD "61"]
[BlackElo "1458"]
[BlackRD "47"]
[GameID "743761"]

1. e4 e5 2. Nf3 f5 3. Nc3 d6 4. g3 Nf6 5. h3 h6 6. b3 fxe4 7. Ng1 d5 8. d3 Bf5 9. Bb2 Bb4 10. d4 exd4
11. Qxd4 Nc6 12. Qe3 d4 13. Qd2 dxc3 14. Bxc3 Qxd2+ 15. Kxd2 O-O-O+ 16. Ke3 Bxc3 17. Rb1 Rd6 18. Ne2 Ba5 19. Nf4 g5 20. Ne2 Nd5#
0-1

[Event "Rumble in Riga"]
[Site "SchemingMind.com"]
[Date "2024.04.13"]
[Round "-"]
[White "ray winteringham"]
[Black "Arnold Jones"]
[Result "1-0"]
[WhiteCountry "ENG"]
[BlackCountry "ENG"]
[WhiteElo "1458"]
[WhiteRD "47"]
[BlackElo "1458"]
[BlackRD "65"]
[GameID "743762"]

1. e4 e5 2. Nf3 f5 3. Nxe5 Qe7 4. Qh5+ g6 5. Nxg6 Qxe4+ 6. Be2 Nf6 7. Qg5 Bg7 8. Nxh8 Bxh8 9. Nc3 Qe6 10. O-O Ng4
11. d3 Bxc3 12. Bxg4 fxg4 13. bxc3 Kf8 14. Qe3 Kg7 15. Qg5+ Qg6 16. Qe7+ Qf7 17. Qg5+ Qg6 18. Qd8 Na6 19. Re1 Qc6 20. Re7+ Kg6
21. Qg8+ Kf5 22. Qg5#
1-0

[Event "Rumble in Riga"]
[Site "SchemingMind.com"]
[Date "2024.04.13"]
[Round "-"]
[White "Arnold Jones"]
[Black "ray winteringham"]
[Result "1-0"]
[WhiteCountry "ENG"]
[BlackCountry "ENG"]
[WhiteElo "1458"]
[WhiteRD "65"]
[BlackElo "1458"]
[BlackRD "47"]
[GameID "743763"]

1. e4 e5 2. Nf3 f5 3. Nxe5 d6 4. Nf7 Kxf7 5. Bc4+ Be6 6. Bxe6+ Kxe6 7. exf5+ Kd7 8. Qe2 Kc8 9. Qe6+ Nd7 10. O-O Qe7
11. Re1 Qxe6 12. fxe6 Ne5 13. d4 Nc6 14. d5 Nce7 15. c4 h6 16. b4 Nf6 17. Nc3 g5 18. Bb2 Bg7 19. a4 Rf8 20. Rad1 b6
21. Rf1 Kb7 22. Ne2 Rg8 23. Nd4 a5 24. Nb5 axb4 25. Ra1 Ne4 26. Bxg7 Rxg7 27. Rfb1 Rf7 28. exf7 Rf8 29. Re1 Nxf2 30. Kxf2 Rxf7+
31. Kg1 Ng6 32. Re6
1-0

[Event "Rumble in Riga"]
[Site "SchemingMind.com"]
[Date "2024.04.12"]
[Round "-"]
[White "ray winteringham"]
[Black "Eggchaser"]
[Result "1-0"]
[WhiteCountry "ENG"]
[BlackCountry "JPN"]
[WhiteElo "1458"]
[WhiteRD "47"]
[BlackElo "1520"]
[BlackRD "68"]
[GameID "743764"]

1. e4 e5 2. Nf3 f5 3. Nxe5 Qf6 4. f4 d6 5. Nc4 fxe4 6. d3 Bf5 7. g3 d5 8. Ne3 Be6 9. Bg2 d4 10. Ng4 Qf5
11. Bxe4
1-0

[Event "Rumble in Riga"]
[Site "SchemingMind.com"]
[Date "2024.04.12"]
[Round "-"]
[White "Eggchaser"]
[Black "ray winteringham"]
[Result "1-0"]
[WhiteCountry "JPN"]
[BlackCountry "ENG"]
[WhiteElo "1520"]
[WhiteRD "68"]
[BlackElo "1458"]
[BlackRD "47"]
[GameID "743765"]

1. e4 e5 2. Nf3 f5 3. Nxe5 Nf6 4. exf5 Qe7 5. Qe2 d6 6. Nf3 Bxf5 7. d3 Nc6 8. Qxe7+ Bxe7 9. Nc3 O-O 10. Be2 a6
11. Bg5 h6 12. Bh4 Nb4 13. Kd2 g5 14. Bg3 Ng4 15. a3 Nc6 16. Nd5 Rac8 17. h3 Nf6 18. Nxe7+ Nxe7 19. Nd4 d5 20. Nxf5 Nxf5
21. Be5 Nd7 22. Bh2 Nd4 23. Bg4 Rcd8 24. Bxc7 Rxf2+ 25. Kc3 Rxc2+ 26. Kxd4 Rxc7 27. Be6+ Kg7 28. Rhf1 Nf6 29. Rf5 Rf8 30. Raf1 Rc2
31. b4 Rxg2 32. Bxd5 b6 33. Bxg2
1-0

[Event "Rumble in Riga"]
[Site "SchemingMind.com"]
[Date "2024.04.17"]
[Round "-"]
[White "Clive Everill"]
[Black "Schaakmaatje"]
[Result "1/2-1/2"]
[WhiteCountry "CZE"]
[BlackCountry "NED"]
[WhiteElo "1681"]
[WhiteRD "55"]
[BlackElo "2108"]
[BlackRD "144"]
[GameID "743898"]

1. e4 e5 2. Nf3 f5 3. Nxe5 Qf6 4. d4 d6 5. Nc4 fxe4 6. Nc3 Qg6 7. Bf4 Nf6 8. Qd2 d5 9. Ne5 Qf5 10. O-O-O c6
11. h3 Nbd7 12. g4 Qe6 13. Nxd7 Bxd7 14. f3 Bb4 15. Bg2 exf3 16. Bxf3 O-O 17. a3 Bd6 18. Bh2 Bxh2 19. Rxh2 Rae8 20. Re2 Qd6
21. Rde1 Rxe2 22. Rxe2 Qg3=
1/2-1/2

[Event "Rumble in Riga"]
[Site "SchemingMind.com"]
[Date "2024.04.17"]
[Round "-"]
[White "Schaakmaatje"]
[Black "Clive Everill"]
[Result "1-0"]
[WhiteCountry "NED"]
[BlackCountry "CZE"]
[WhiteElo "2108"]
[WhiteRD "144"]
[BlackElo "1681"]
[BlackRD "55"]
[GameID "743899"]

1. e4 e5 2. Nf3 f5 3. Nxe5 Nf6 4. Bc4 d5 5. exd5 Nxd5 6. O-O Qf6 7. Bxd5 c6 8. Bb3 Nd7 9. d4 Nb6 10. Nf7 Nd5
11. Nxh8 Be6 12. c4 Nc7 13. Nc3 O-O-O 14. d5 Bg8 15. Qf3 c5 16. Bd2 g6 17. Nxg6 hxg6 18. Rae1 Bd6 19. Bf4 Bxf4 20. Qxf4 g5
21. Qe5 Qg6 22. Bc2 Bh7 23. g4 Rf8 24. Bxf5+ Rxf5 25. Qxf5+
1-0

[Event "Rumble in Riga"]
[Site "SchemingMind.com"]
[Date "2024.04.17"]
[Round "-"]
[White "ray winteringham"]
[Black "Schaakmaatje"]
[Result "0-1"]
[WhiteCountry "ENG"]
[BlackCountry "NED"]
[WhiteElo "1458"]
[WhiteRD "47"]
[BlackElo "2108"]
[BlackRD "144"]
[GameID "743901"]

1. e4 e5 2. Nf3 f5 3. Nxe5 Qf6 4. d4 d6 5. Nf3 fxe4 6. Qe2 d5 7. c4 Bb4+ 8. Bd2 Bxd2+ 9. Nfxd2 c6 10. Nb3 Ne7
11. N1d2 O-O 12. O-O-O Qxf2 13. Qxf2 Rxf2 14. Nc5 b6 15. Ncb3 Bg4 16. Re1 Nd7 17. Re3 Raf8 18. h3 Nf5 19. Rc3 e3 20. hxg4 exd2+
21. Nxd2 Nxd4 22. Nf3 Nxf3 23. Rxf3 R8xf3
0-1

[Event "Rumble in Riga"]
[Site "SchemingMind.com"]
[Date "2024.04.17"]
[Round "-"]
[White "Schaakmaatje"]
[Black "Chessibelle"]
[Result "1-0"]
[WhiteCountry "NED"]
[BlackCountry "ENG"]
[WhiteElo "2108"]
[WhiteRD "144"]
[BlackElo "1029"]
[BlackRD "61"]
[GameID "743902"]

1. e4 e5 2. Nf3 f5 3. Nxe5 Qf6 4. d4 b6 5. Bc4 g6 6. Nf7 d6 7. O-O h5 8. Nxh8 Qxh8 9. exf5 gxf5 10. Re1+ Ne7
11. Qf3 c6 12. c3 d5 13. Bd3 Be6 14. Rxe6 Kd8 15. Bg5 Kd7 16. Qe2 Qg7 17. Bxe7 Bxe7 18. Bxf5 Kd8 19. Nd2 Qf7 20. Bg6 Qf8
21. Re1 Nd7 22. Rxe7 Kc7 23. Qe5+ Kb7 24. Rxd7+ Ka6 25. Nb3 Rc8 26. Bd3+ b5 27. Nc5+ Ka5 28. Rxa7+ Kb6 29. Ra6#
1-0

[Event "Rumble in Riga"]
[Site "SchemingMind.com"]
[Date "2024.04.17"]
[Round "-"]
[White "Chessibelle"]
[Black "Schaakmaatje"]
[Result "0-1"]
[WhiteCountry "ENG"]
[BlackCountry "NED"]
[WhiteElo "1029"]
[WhiteRD "61"]
[BlackElo "2108"]
[BlackRD "144"]
[GameID "743903"]

1. e4 e5 2. Nf3 f5 3. Nc3 Nf6 4. d3 d6 5. g3 Be7 6. b3 O-O 7. Be2 fxe4 8. dxe4 Bg4 9. Bg5 Nbd7 10. b4 c6
11. h3 Be6 12. O-O Bxh3 13. Re1 Be6 14. a3 h6 15. Be3 Ne8 16. Nh2 Bg5 17. Bd2 Bxd2 18. Qxd2 Nb6 19. Bh5 Nc4 20. Qe2 b5
21. a4 a6 22. Qf1 Nf6 23. Bf3 Nh7 24. Bg2 Qd7 25. f3 Ng5 26. f4 exf4 27. gxf4 Nh3+ 28. Kh1 Rxf4 29. Nf3 Raf8 30. Qe2 Bg4
31. Rf1 Qf7 32. Kh2 Bxf3 33. Rxf3 Rxf3 34. Re1 Qf4+ 35. Kh1 Rxc3 36. a5 Ng5 37. Qd1 Ne3 38. Qe2 Nxg2
0-1

[Event "Rumble in Riga"]
[Site "SchemingMind.com"]
[Date "2024.04.18"]
[Round "-"]
[White "Schaakmaatje"]
[Black "Arnold Jones"]
[Result "1-0"]
[WhiteCountry "NED"]
[BlackCountry "ENG"]
[WhiteElo "2108"]
[WhiteRD "144"]
[BlackElo "1458"]
[BlackRD "65"]
[GameID "743904"]

1. e4 e5 2. Nf3 f5 3. Nxe5 Qh4 4. exf5 Bc5 5. Qe2 Ne7 6. g3 Qb4 7. Bg2 d6 8. Nd3 Qb5 9. a4 Qa6 10. Qh5+ g6
11. fxg6 Nxg6 12. O-O O-O 13. Nxc5 dxc5 14. Qxc5 c6 15. d3 Nd7 16. Qc4+ Qxc4 17. dxc4 Nf6 18. Nc3 Bf5 19. Bh6 Rfd8 20. Rac1 Rd2
21. Bxd2 Kg7 22. Bg5 Ng8 23. Rfd1 h6 24. Rd8 Rxd8 25. Bxd8 b6 26. a5 Ne5 27. axb6 axb6 28. Bxb6 Nxc4 29. Bd4+ Kf7 30. Ne2 Ne7
31. b4 Nd5 32. c3 Be6 33. Nf4 Nxf4 34. gxf4 Bd7 35. Ra1 Ke7 36. Ra6 Kd6 37. Ra8 Kc7 38. Rh8 Nd6 39. Rxh6
1-0

[Event "Rumble in Riga"]
[Site "SchemingMind.com"]
[Date "2024.04.18"]
[Round "-"]
[White "Arnold Jones"]
[Black "Schaakmaatje"]
[Result "0-1"]
[WhiteCountry "ENG"]
[BlackCountry "NED"]
[WhiteElo "1458"]
[WhiteRD "65"]
[BlackElo "2108"]
[BlackRD "144"]
[GameID "743905"]

1. e4 e5 2. Nf3 f5 3. d4 fxe4 4. Ng5 d5 5. Bb5+ c6 6. Nf7 Kxf7 7. Be2 exd4 8. Bh5+ g6 9. Qxd4 Bg7 10. Qd1 gxh5
11. Qxh5+ Kf8 12. O-O Nf6 13. Qh4 Bf5 14. Bh6 Qe7 15. h3 Bxh6 16. Qxh6+ Qg7 17. Qxg7+ Kxg7 18. g4 Bg6 19. f4 exf3 20. Na3 Be4
21. Kf2 Nbd7 22. Rg1 Rae8 23. g5 Nh5 24. Rh1 Ne5 25. Rag1 Rhf8 26. h4 Rf4 27. g6 hxg6 28. Rg5 Ng4+ 29. Rxg4 Rxg4 30. Rh2 Rg2+
31. Rxg2 fxg2
0-1

[Event "Rumble in Riga"]
[Site "SchemingMind.com"]
[Date "2024.04.17"]
[Round "-"]
[White "Schaakmaatje"]
[Black "Eggchaser"]
[Result "1-0"]
[WhiteCountry "NED"]
[BlackCountry "JPN"]
[WhiteElo "2108"]
[WhiteRD "144"]
[BlackElo "1520"]
[BlackRD "68"]
[GameID "743906"]

1. e4 e5 2. Nf3 f5 3. Nxe5 Qf6 4. d4 d6 5. Nc4 fxe4 6. Nc3 Qg6 7. Ne3 Nf6 8. Be2 Qf7 9. O-O Be7 10. f3 Nc6
11. fxe4 O-O 12. Bc4 Be6 13. d5
1-0

[Event "Rumble in Riga"]
[Site "SchemingMind.com"]
[Date "2024.05.09"]
[Round "-"]
[White "Clive Everill"]
[Black "Freyr"]
[Result "1-0"]
[WhiteCountry "CZE"]
[BlackCountry "SCO"]
[WhiteElo "1709"]
[WhiteRD "62"]
[BlackElo "1541"]
[BlackRD "87"]
[GameID "744299"]

1. e4 e5 2. Nf3 f5 3. Nxe5 Qf6 4. d4 d6 5. Nc4 fxe4 6. Nc3 Qg6 7. f3 Be7 8. fxe4 Nh6 9. Bf4 O-O 10. Qd2 a6
11. O-O-O Rxf4 12. Kb1 Bg5 13. Qe1 Bg4 14. Rd3 Nd7 15. h3 Be6 16. Rg3 Qf6 17. d5 Bf7 18. Bd3 Bh4 19. e5 Nxe5 20. Ne4 Rxe4
21. Qxe4 Bg6 22. Rxg6 Nxg6 23. Rf1 Qe7 24. Qd4 Bf6 25. Qf2 Rf8 26. Qa7 Ne5 27. Re1 Qd7 28. Qxb7 Qb5 29. Qxb5 axb5 30. Nxe5 Bxe5
31. Bxb5 Rf2 32. g4 Nf7 33. a4 Ng5 34. Rh1 Bd4 35. h4 Nf3 36. c3 Bb6 37. h5 Nd2+ 38. Ka2 Ne4 39. Kb3 Nc5+ 40. Ka3 Rg2
41. b4 Ne4 42. Kb3 Rg3 43. Rc1 Rxg4 44. a5 Be3 45. Rc2 Nd2+ 46. Ka2 Rg2 47. Bd3 Rh2 48. a6 Rxh5 49. c4 Nf3 50. Re2 Bd4
51. Re4 Rh2+ 52. Ka3 Bb6 53. Re8+ Kf7 54. Ra8 Ne5 55. Bf1 Rc2 56. Kb3 Rc1 57. Kb2
1-0

[Event "Rumble in Riga"]
[Site "SchemingMind.com"]
[Date "2024.05.09"]
[Round "-"]
[White "Freyr"]
[Black "Clive Everill"]
[Result "1-0"]
[WhiteCountry "SCO"]
[BlackCountry "CZE"]
[WhiteElo "1716"]
[WhiteRD "108"]
[BlackElo "1681"]
[BlackRD "58"]
[GameID "744300"]

1. e4 e5 2. Nf3 f5 3. Nxe5 Nf6 4. Bc4 fxe4 5. Bf7+ Ke7 6. Bb3 d5 7. d4 Nbd7 8. f4 Nb6 9. Be3 Be6 10. Nc3 Ke8
11. Qe2 Bb4 12. O-O-O Bxc3 13. bxc3 Qd6 14. h3 Qa3+ 15. Kb1 a5 16. Bc1 Qd6 17. a4 Nbd7 18. Ka2 b6 19. Ba3 c5 20. dxc5 Nxc5
21. Qb5+ Kf8 22. c4 Rd8 23. Rd4 Ke7 24. Rhd1 Rhf8 25. Nc6+ Kf7 26. Nxd8+ Rxd8 27. cxd5 Nxd5 28. Bxd5 Bxd5+ 29. Rxd5 Qe6 30. c4 Rxd5
31. cxd5 Qd6 32. Bxc5 bxc5 33. Qxa5 Qxf4 34. Qa7+ Kg6 35. Qxc5 Qf2+ 36. Qxf2
1-0

[Event "Rumble in Riga"]
[Site "SchemingMind.com"]
[Date "2024.05.08"]
[Round "-"]
[White "Schaakmaatje"]
[Black "Freyr"]
[Result "1/2-1/2"]
[WhiteCountry "NED"]
[BlackCountry "SCO"]
[WhiteElo "2045"]
[WhiteRD "144"]
[BlackElo "1757"]
[BlackRD "131"]
[GameID "744301"]

1. e4 e5 2. Nf3 f5 3. Nxe5 Qf6 4. Nc4 fxe4 5. Ne3 c6 6. d3 exd3 7. Bxd3 d5 8. O-O Bd6 9. c4 d4 10. c5 Bxh2+
11. Kxh2 dxe3 12. Bxe3 Qh4+ 13. Kg1 Nf6 14. Qb3 Rf8=
1/2-1/2

[Event "Rumble in Riga"]
[Site "SchemingMind.com"]
[Date "2024.05.08"]
[Round "-"]
[White "Freyr"]
[Black "Schaakmaatje"]
[Result "1/2-1/2"]
[WhiteCountry "SCO"]
[BlackCountry "NED"]
[WhiteElo "1757"]
[WhiteRD "131"]
[BlackElo "2045"]
[BlackRD "144"]
[GameID "744302"]

1. e4 e5 2. Nf3 f5 3. Nxe5 Qf6 4. d4 d6 5. Nc4 fxe4 6. Nc3 Qg6 7. f3 Be7 8. fxe4 Nh6 9. Be3 Ng4 10. Qd2 Be6
11. Bf4 O-O 12. Bd3 Nc6 13. d5 Rxf4 14. Qxf4 Bh4+ 15. g3 Rf8 16. Qxf8+ Kxf8 17. gxh4 Qh6= 18. h5 Nd4 19. dxe6 b5=
1/2-1/2

[Event "Rumble in Riga"]
[Site "SchemingMind.com"]
[Date "2024.05.07"]
[Round "-"]
[White "ray winteringham"]
[Black "Freyr"]
[Result "0-1"]
[WhiteCountry "ENG"]
[BlackCountry "SCO"]
[WhiteElo "1436"]
[WhiteRD "52"]
[BlackElo "1757"]
[BlackRD "131"]
[GameID "744303"]

1. e4 e5 2. Nf3 f5 3. Nxe5 Qf6 4. d4 d6 5. Nc4 fxe4 6. Be3 d5 7. Ncd2 Bd6 8. Be2 Ne7 9. Nc3 O-O 10. h3 c6
11. f3 Nf5 12. Bf2 e3 13. Bxe3 Nxe3 14. Qc1 Bg3#
0-1